ARCHIVES OF PHYSIOLOGY AND BIOCHEMISTRY (Record no. 8248)
[ view plain ]
| 000 -LEADER | |
|---|---|
| fixed length control field | 00248nam a22001097a 4500 |
| 003 - CONTROL NUMBER IDENTIFIER | |
| control field | SGT |
| 022 ## - INTERNATIONAL STANDARD SERIAL NUMBER | |
| International Standard Serial Number | 1381-3455 |
| 245 ## - TITLE STATEMENT | |
| Title | ARCHIVES OF PHYSIOLOGY AND BIOCHEMISTRY |
| 260 ## - PUBLICATION, DISTRIBUTION, ETC. (IMPRINT) | |
| Place of publication, distribution, etc | GERMANY |
| Name of publisher, distributor, etc | TAYLOR & FRANCIS |
| Year of Publication | 2015 |
| 310 ## - CURRENT PUBLICATION FREQUENCY | |
| Current publication frequency | YEARLY |
| 942 ## - ADDED ENTRY ELEMENTS (KOHA) | |
| Source of classification or shelving scheme | Dewey Decimal Classification |
| Koha item type | Loose Journals |
| Withdrawn status | Lost status | Source of classification or shelving scheme | Damaged status | Not for loan | Home library | Current library | Shelving location | Date acquired | Vendor Name | Cost, normal purchase price | Volume Information (Serial or Books or Non-Book Material) | SGTU | Bill Number | Total Checkouts | Date last seen | Bill Date | Koha item type |
|---|---|---|---|---|---|---|---|---|---|---|---|---|---|---|---|---|---|
| Dewey Decimal Classification | SGT Medical Library | SGT Medical Library | Reference Book | 25/02/2016 | INNOVATIVE SUB. SERVICES | 64195.00 | VOLUME 121 ISSUES 1-5- 2015 | SGTU | ISS/SGT/15/02 | 25/02/2016 | 19/03/2015 | Loose Journals |